000 00672nam a2200229Ia 4500
005 20260320201808.0
008 008 262003s9999 xx 000 0 eng d
037 _aEBOOK
040 _aCRL
040 _beng
040 _cCRL
041 _2eng
041 _aeng
084 _qCRL
100 _aDawson
245 0 _aBecoming a Dynamics 365 Finance and Supply Chain Solution Architect: Implement industry-grade finance and supply chain solutions for successful enterprise resource planning (ERP)
260 _bIEEE
856 _uhttps://ieeexplore.ieee.org/servlet/opac?bknumber=10251143
942 _cEBOOK
999 _c1723579
_d1723579